| 000 | 00859nam a2200229 a 4500 | ||
|---|---|---|---|
| 003 | BD-RjUL | ||
| 005 | 20250220141109.0 | ||
| 008 | 250220s2024 bg ||||| |||| 00| 0 ben d | ||
| 020 |
_a9789849901785 : _cTk.100.00 |
||
| 035 | _a(BD-RjUL) | ||
| 040 |
_aBD-RjUL _beng _cBD-RjUL |
||
| 041 | _aben | ||
| 082 |
_223 _a335 _bEIS 2024 |
||
| 100 |
_aআইনস্টাইন, আলবার্ট _915066 |
||
| 245 |
_aসমাজতন্ত্র কেনো / _cআলবার্ট আইনস্টাইন; অনুবাদ মনির হোসেন |
||
| 260 |
_aঢাকা : _bসৌম্য প্রকাশনী _c২০২৪ |
||
| 300 |
_a২৮ পৃ.; _c২২ সেমি. |
||
| 650 |
_aসমাজতন্ত্র _9545 |
||
| 650 |
_aSocialism _9546 |
||
| 700 |
_aহোসেন, মনির _915000 |
||
| 942 |
_2ddc _cBK |
||
| 999 |
_c84714 _d84714 |
||